| 000 | 00609nam a22001817a 4500 | ||
|---|---|---|---|
| 020 | _qHard Cover. | ||
| 082 | _aBICSE-7 MUS | ||
| 100 | _aMustafa Alam and Muhammad Khalil Ullah. | ||
| 245 |
_aOpen Services : _bServices Oriented Access to SDN Testbed / _cAlam, Mustafa and Muhammad, Khalil Ullah |
||
| 260 |
_aIslamabad: _bSEECS NUST, _c2013. |
||
| 300 |
_a68 p. : _bill. ; _c30cm. |
||
| 563 | _aHBK. | ||
| 650 | _aBICSE. | ||
| 700 |
_aDr. Saad Qaiser _955232 |
||
| 856 | _uhttp://10.250.8.41:8080/xmlui/handle/123456789/28827 | ||
| 942 |
_2ddc _cPR |
||
| 999 |
_c566073 _d566073 |
||